Consumer behavior / (Record no. 204047)

MARC details
000 -LEADER
fixed length control field 00811nam a2200241Ia 4500
005 - DATE AND TIME OF LATEST TRANSACTION
control field 20231003142453.0
008 - FIXED-LENGTH DATA ELEMENTS--GENERAL INFORMATION
fixed length control field 210716s2004 xx 000 0 und d
020 ## - INTERNATIONAL STANDARD BOOK NUMBER
International Standard Book Number 9788177589993
040 ## - CATALOGING SOURCE
Transcribing agency AIMIT LIBRARY
041 ## - LANGUAGE CODE
Language code of text/sound track or separate title eng
082 ## - DEWEY DECIMAL CLASSIFICATION NUMBER
Classification number 658.8342
Edition number 9
Item number SCHL
100 ## - MAIN ENTRY--PERSONAL NAME
Personal name Schiffman, Leon G
9 (RLIN) 134372
245 ## - TITLE STATEMENT
Title Consumer behavior /
Statement of responsibility, etc. By Leon G Schiffman and Leslie Lazar Kanuk
250 ## - EDITION STATEMENT
Edition statement 9th ed.
260 ## - PUBLICATION, DISTRIBUTION, ETC.
Place of publication, distribution, etc. New Delhi :
Name of publisher, distributor, etc. Pearson Education,
Date of publication, distribution, etc. 2004.
300 ## - PHYSICAL DESCRIPTION
Extent xxii,581p,
Other physical details PB :
Dimensions 25.5 cm
650 ## - SUBJECT ADDED ENTRY--TOPICAL TERM
Topical term or geographic name entry element Consumer Behavior
9 (RLIN) 134373
650 ## - SUBJECT ADDED ENTRY--TOPICAL TERM
Topical term or geographic name entry element Consumer as an Individual
9 (RLIN) 134374
650 ## - SUBJECT ADDED ENTRY--TOPICAL TERM
Topical term or geographic name entry element Consumer in their Social and Cultural Settings
9 (RLIN) 134375
650 ## - SUBJECT ADDED ENTRY--TOPICAL TERM
Topical term or geographic name entry element The Consumer Decision Making Process
9 (RLIN) 134376
700 ## - ADDED ENTRY--PERSONAL NAME
Personal name Kanuk, Leslie Lazar.
9 (RLIN) 134377
942 ## - ADDED ENTRY ELEMENTS (KOHA)
Source of classification or shelving scheme Dewey Decimal Classification
Koha item type Book
Edition 9th
Call number prefix 658.8342 SCHL
Holdings
Withdrawn status Lost status Source of classification or shelving scheme Damaged status Not for loan Collection code Home library Current library Date acquired Cost, normal purchase price Inventory number Total Checkouts Full call number Barcode Date last seen Cost, replacement price Price effective from Koha item type Date last checked out
    Dewey Decimal Classification     MBA St Aloysius Institute of Management & Information Technology St Aloysius Institute of Management & Information Technology 08/21/2007 295.00 Bill no:394; Bill dt:2007-08-21   658.8342 SCHL MBA04486 05/23/2026 236.00 07/16/2021 Book  
    Dewey Decimal Classification     MBA St Aloysius Institute of Management & Information Technology St Aloysius Institute of Management & Information Technology 10/20/2009 325.00 Bill no:9933; Bill dt:2009-10-13   658.8342 SCHL MBA06613 05/23/2026 243.75 07/16/2021 Book  
    Dewey Decimal Classification     MBA St Aloysius Institute of Management & Information Technology St Aloysius Institute of Management & Information Technology 10/20/2009 325.00 Bill no:9933; Bill dt:2009-10-13 3 658.8342 SCHL MBA06614 05/23/2026 243.75 07/16/2021 Book 02/28/2023
    Dewey Decimal Classification     MBA St Aloysius Institute of Management & Information Technology St Aloysius Institute of Management & Information Technology 10/20/2009 325.00 Bill no:9933; Bill dt:2009-10-13   658.8342 SCHL MBA06615 05/23/2026 243.75 07/16/2021 Book  
    Dewey Decimal Classification     MBA St Aloysius Institute of Management & Information Technology St Aloysius Institute of Management & Information Technology 10/20/2009 325.00 Bill no:9933; Bill dt:2009-10-13 3 658.8342 SCHL MBA06616 05/23/2026 243.75 07/16/2021 Book 03/14/2023
    Dewey Decimal Classification     MBA St Aloysius Institute of Management & Information Technology St Aloysius Institute of Management & Information Technology 10/20/2009 325.00 Bill no:9933; Bill dt:2009-10-13   658.8342 SCHL MBA06617 05/23/2026 243.75 07/16/2021 Book  
    Dewey Decimal Classification     MBA St Aloysius Institute of Management & Information Technology St Aloysius Institute of Management & Information Technology 10/20/2009 325.00 Bill no:9933; Bill dt:2009-10-13 1 658.8342 SCHL MBA06618 05/23/2026 243.75 07/16/2021 Book 10/21/2021
    Dewey Decimal Classification     MBA St Aloysius Institute of Management & Information Technology St Aloysius Institute of Management & Information Technology 10/20/2009 325.00 Bill no:9933; Bill dt:2009-10-13   658.8342 SCHL MBA06619 05/23/2026 243.75 07/16/2021 Book